000 01221naa a22003377a 4500
001 BR7603150
003 BR-BrBNA
005 20240918173852.0
007 ta
008 230509b bl.||||| |||| 00| 0 por d
040 _aBR-BrBNA
_bpor
_cBiblioteca Nacional de Agricultura
041 _a(Pt)
072 _aF25; F30
_b0336
_bG514
090 _aF25 BR7603150
100 1 _aGoepfert, C.P.
100 1 _aMoura, R.L.
100 1 _aFeres, J.
100 1 _aSalin, O.
111 1 _a15. Congresso Brasileiro de Ciencia do Solo
_cCampinas, SP (Brazil)
_d14 Jul 1975
245 1 _aComportamento de cultivares e linhagens de soja em diferentes niveis de fertilidade [Glycine max; Adubacao; Analise do solo; Brasil]
260 3 _aCampinas, SP (Brasil):
_c1976.
500 _aAnais do 15. Congresso Brasileiro de Ciencia do Solo Campinas, SP (Brasil): 1976. p. 295-298 (BR7603150-AM)F25
650 _aSOJA
650 _aADUBACAO
650 _aANALISE DO SOLO
650 _aCOMPORTAMENTO DE VARIEDADE
650 _aLINHAGEM
773 0 _tAnais do 15. Congresso Brasileiro de Ciencia do Solo
_wF25 BR7603150
_gCampinas, SP (Brasil), 1976. p. 295-298
909 _a202404
_bLucia
_c55
_dLucia Elande
942 _cAM
_2AGRIS
999 _c307379
_d307379